000
00260nam a22000857a 4500
008
161117b xxu||||| |||| 00| 0 eng d
100
_9
1281
_a
CBSE
245
_a
Sample Question papers in maths physics, chemistry, bio-technology - XII
260
_a
New delhi
_b
CBSE
_c
2008
999
_c
3985
_d
3985